000 00693cab a2200241 4500
001 WB3204-54
008 090401t1996 xxu||||| |||| 00| 0 eng d
035 _a(Sirsi) u8681
041 _aeng
245 _aRoad contract changes
260 _c1996
350 _a0
490 _aFinancial Times
_v20 January 1996, 6(1)
520 _aThe Highways Agency is to change the methods of awarding contracts for Britain`s annual trunk road programme.
650 _aCONTRACTUAL ARRANGEMENTS
650 _aHIGHWAYS AGENCY
650 _aROAD CONTRACTORS
650 _aROADBUILDING
650 _aROADS PROGRAMME
690 _aTRANSPORT AND COMMUNICATIONS
942 _n0
948 _c04/03/1997
999 _c5382
_d5382